| 000 | 00994cam a22003014a 4500 | ||
|---|---|---|---|
| 001 | 11994653 | ||
| 003 | SISC | ||
| 005 | 20160302092524.0 | ||
| 008 | 000503s2001 maua 001 0 eng | ||
| 010 | _a 00033935 | ||
| 020 | _a9780071226301 | ||
| 040 |
_aDLC _cDLC _dDLC |
||
| 042 | _apcc | ||
| 050 | 0 | 0 |
_aQ161.2 _b.T54 2002 |
| 082 | 0 | 0 |
_aHS 500 _bT46 2001 |
| 100 | 1 |
_aTillery, Bill W. _914814 |
|
| 245 | 1 | 0 |
_aIntegrated science / _cBill W. Tillery, Eldon D. Enger, Frederick C. Ross. |
| 250 | _a1st ed. | ||
| 260 |
_aBoston : _bMcGraw Hill, _c2001. |
||
| 300 |
_a861 p. : _bill. (some col.) ; _c28 cm. |
||
| 650 | 0 |
_aScience. _97100 |
|
| 700 | 1 |
_aEnger, Eldon D. _914795 |
|
| 700 | 1 |
_aRoss, Frederick C. _914815 |
|
| 906 |
_a7 _bcbc _corignew _d1 _eocip _f20 _gy-gencatlg |
||
| 942 |
_2lcc _cBK |
||
| 999 |
_c9722 _d9722 |
||